Geography Quiz

Random Geography or City Quiz
Score 0/20 Timer 10:00
0 Plays Today
Population % Correct
2000St Davids
57%
19000Truro
53.6%
10000Wells
52%
42500Canterbury
51.4%
90000Bath
51.4%
14000Ely
47.7%
86000Lincoln
44.2%
51000Inverness
42.4%
87000Durham
42.4%
108000Winchester
39.3%
Population % Correct
93000Worcester
38%
101000Carlisle
34.9%
45000Stirling
34.6%
55000Hereford
34.3%
24500Ripon
33%
20000Bangor
32.4%
105000Londonderry
32.4%
30000Lichfield
28.3%
55000Armagh
22.7%
30000Newry
17.8%
Remove Ads.
Support Sporcle.
Get the best of Sporcle when you Go Orange. This ad-free experience offers more features, more stats, and more fun while also helping to support Sporcle. Thank you for becoming a member.

You're not logged in!

Compare scores with friends on all Sporcle quizzes.
OR
Log In

Show Comments

Extras

Top Quizzes Today


Score Distribution

Your Account Isn't Verified!

In order to create a playlist on Sporcle, you need to verify the email address you used during registration. Go to your Sporcle Settings to finish the process.

Report this User

Report this user for behavior that violates our Community Guidelines.

Details: